The Abridged Wigmore on Alcohol Courtroom Alcohol Toxicology for the Medicolegal Professional /

Detalles Bibliográficos
Autor principal: Wigmore, James G.
Formato: eBook
Lenguaje:inglés
Publicado: Toronto: Irwin Law Inc., 2015
Materias:
Acceso en línea:Acceso restringido

MARC

LEADER 00000nam a22000007a 4500
005 2021080401031.0
007 cr|||| |||
008 210804s2015 ca |||||s|||| 00||0 eng d
020 |a 9781552214176 
035 |a 34869 
040 |a vLex 
090 |c 11895  |d 11895 
100 1 |a Wigmore, James G. 
245 1 3 |a The Abridged Wigmore on Alcohol  |h [Recurso electrn̤ico] :  |b Courtroom Alcohol Toxicology for the Medicolegal Professional /  |c James G. Wigmore 
256 |a Servicio en ln̕ea 
260 |a Toronto:  |b Irwin Law Inc.,  |c 2015 
300 |a 1 recurso electrn̤ico 
500 |a Wigmore on Alcohol is the definitive sourcebook on courtroom alcohol toxicology and an indispensable tool for medical and legal practitioners. The abridged version has been developed for the non-specialist looking for up-to-date scientific evidence related to blood alcohol. It provides an exhaustive survey of the international forensic alcohol literature of over 690 articles along with expert commentary by one of North America’s leading forensic alcohol toxicologists. The detailed discussion of the literature has been condensed in order to make the book more useful and accessible to those unfamiliar with the science. 
506 1 |a Disponible solo en los productos indicados  |d vLex Global  |d vLex Global (Academic Edition, excluding Law Schools)  |d vLex Global (U.S. Academic Edition, Law Schools)  |d vLex Global (U.S. Academic Edition, excluding Law Schools)  |d vLex Global (Academic Edition, Law Schools) 
650 0 4 |a Derecho Penal  |z Canad̀ 
740 0 |a vLex Libros (Servicio en ln̕ea) 
856 4 0 |u https://app.vlex.com/#/sources/34869  |z Acceso restringido 
942 |c BOOK 
999 0 |a Criminal law